000 01848nam a22003137a 4500
005 20110627105825.0
010 _aENG-102654 B-447414-418
020 _c250.00
_a9788120341623
035 _aEN-86187 B-447414-418
037 _bDBAD / PUB
037 _bK.K.Pub/Ven
082 _a332.64
100 _aKevin, S.
_944980
245 _aCommidity and financial derivatives /
_cby S. Kevin
260 _aNew Delhi
_bPHI Learning
_c2010
270 _aM-97, Connaught Circus
_bNew Delhi
_e110001
300 _axiii,246p.
_c24cm (pbk)
500 _aIncludes index.
700 _928520
710 _928535
942 _2ddc
_cEN
_mKEV
_h332.64
999 _c53213
_d53213